El general Calleja : (Record no. 22185)

MARC details
000 -LEADER
campo de control de longitud fija 01165nam a2200289 i 4500
001 - NÚMERO DE CONTROL
campo de control 22185
003 - IDENTIFICADOR DE NÚMERO DE CONTROL
campo de control ES-MaACL
005 - FECHA Y HORA DE LA ÚLTIMA TRANSACCIÓN
campo de control 20251002203631.0
007 - CAMPO FIJO DE DESCRIPCIÓN FÍSICA--INFORMACIÓN GENERAL
campo de control de longitud fija t|
008 - DATOS DE LONGITUD FIJA--INFORMACIÓN GENERAL
campo de control de longitud fija 030131s1896 sp ||||1| spa d
080 ## - NÚMERO DE LA CLASIFICACIÓN DECIMAL UNIVERSAL
Número de la Clasificación Decimal Universal 929 Calleja, Emilio
100 1# - ENTRADA PRINCIPAL--NOMBRE DE PERSONA
Nombre de persona Barrios Carrión, Leopoldo.
9 (RLIN) 26023
245 13 - MENCIÓN DEL TÍTULO
Título El general Calleja :
Resto del título biografía /
Mención de responsabilidad, etc. por P. [Leopoldo Barrios Carrión].
250 ## - MENCION DE EDICION
Mención de edición 1ª ed.
260 ## - PUBLICACIÓN, DISTRIBUCIÓN, ETC.
Lugar de publicación, distribución, etc. Madrid :
Nombre del editor, distribuidor, etc. [s.n.],
Fecha de publicación, distribución, etc. 1896 (
Fabricante Imp. del Correo Militar)
300 ## - DESCRIPCIÓN FÍSICA
Extensión 381 p., [1] h. de lám., [2] h. pleg. de mapas ;
Dimensiones 19 cm.
500 ## - NOTA GENERAL
Nota general Lám.: retrato de Emilio Calleja.
530 ## - NOTA DISPONIBLE DE FORMULARIO FÍSICO ADICIONAL
Nota de formato físico adicional disponible Disponible en formato digital.
594 ## - Nota al título y mención de responsabilidad
Nota al título y mención de responsabilidad Anotación manuscrita en port. atribuyendo la obra a: Leopoldo Barrios Carrión.
600 04 - PUNTO DE ACCESO ADICIONAL DE MATERIA--NOMBRE DE PERSONA
Nombre de persona Calleja, Emilio,
Fechas asociadas al nombre 1830-1906
9 (RLIN) 33714
651 #4 - PUNTO DE ACCESO ADICIONAL DE MATERIA--NOMBRE GEOGRÁFICO
Nombre geográfico Cuba-
Subdivisión general Historia-
Subdivisión cronológica 1878-1895.
9 (RLIN) 8095
852 ## - LOCALIZACIÓN
Ubicación ES-MaACL
Número de control de estantería T-813-F-1
Nota libre - Enc. en un vol. facticio, conservando cub. original
-- - Donat. Sr. Moret, noviembre 1896
852 ## - LOCALIZACIÓN
Ubicación ES-MaACL
Número de control de estantería D-2485
852 ## - LOCALIZACIÓN
Ubicación ES-MaACL
Número de control de estantería G-13668
856 ## - LOCALIZACIÓN Y ACCESO ELECTRÓNICOS
Identificador Uniforme de Recursos <a href="http://bdh-rd.bne.es/viewer.vm?id=0000111909&page=1 ">http://bdh-rd.bne.es/viewer.vm?id=0000111909&page=1 </a>
Nota pública Biblioteca Digital Hispánica
Holdings
Estatus retirado Estado de pérdida Estado de daño No para préstamo Colección Biblioteca de origen Biblioteca actual Ubicación en estantería Fecha de adquisición Fuente de adquisición Total de préstamos Signatura topográfica completa Código de barras Visto por última vez Precio de reemplazo Tipo de ítem Koha
        Colección digital Biblioteca del Ateneo de Madrid Biblioteca del Ateneo de Madrid Sala Pecera Planta 3 17/01/2008     G-13668 1022827 23/02/2023 23/02/2023 Libro impreso antiguo
        Colección de folletos Biblioteca del Ateneo de Madrid Biblioteca del Ateneo de Madrid Depósito folletos 17/01/2008     T-813-F-1 1022825 23/02/2023 23/02/2023 Folleto
        Colección digital Biblioteca del Ateneo de Madrid Biblioteca del Ateneo de Madrid Sala Valle Inclán 17/01/2008     D-2485 901022826 23/02/2023 23/02/2023 Libro impreso antiguo